• 首页
  • 本馆介绍
  • 公告通知
  • 最新文献
  • 馆藏检索
  • 电子资源
  • 读者导购
  • 参考咨询
  • 我的图书馆
  • 登录
  • 详细信息显示
  • 放入我的书架
  • 预约/预借图书
  • 作者相关作品
  • 分类相关作品
  • 丛书相关作品
  • 出版社相关作品

书目信息

  • 表格格式
  • 工作单格式
  • 卡片格式
题名:
植物卫生措施国际标准
    
 
作者: 周建安 , 鄢建 主编
分册:  
出版信息: 北京   中国农业科学技术出版社  2013.04
页数: 584页
开本: 31cm
丛书名:
单 册:
中图分类: S411-65
科图分类:
主题词: 植物检疫--国际标准 , 植物检疫 , 国际标准
电子资源:
ISBN: 978-7-5116-1242-7
000 01228nam0 2200289 450
001 012013081541
005 20140611152112.68
010    @a978-7-5116-1242-7@b精装@dCNY120.00
100    @a20130608d2013 em y0chiy0110 ea
101 0  @achi
102    @aCN@b110000
105    @aak z 000yy
106    @ar
200 1  @a植物卫生措施国际标准@9zhi wu wei sheng cuo shi guo ji biao zhun@dInternational standards for phytosanitary measures@f周建安,鄢建主编@zeng
210    @a北京@c中国农业科学技术出版社@d2013.04
215    @a584页@c图@d31cm
330    @a本书内容包括了联合国粮农组织、植物保护国际公约秘书处公布的经植物卫生措施委员会正式批准的全部36个标准及标准所有附件。
333    @a适用于我国制定国际贸易植物卫生相关法律法规的法制部门、农业、环保等管理部门,适合于从事植物及植物产品等的种植、生产、储藏、运输和进出口贸易企业,适合于大中专院校、科研部门的植物卫生与检疫专业,学习、研究和应用参考
510 1  @aInternational standards for phytosanitary measures@zeng
606 0  @a植物检疫@x国际标准
606 0  @a植物检疫
606 0  @a国际标准
690    @aS411-65@v5
701  0 @a周建安@9zhou jian an@4主编
701  0 @a鄢建@9yan jian@4主编
801  0 @aCN@b人天书店@c20130608
905    @b549321-22@dS411-65@e91@f2
    
    植物卫生措施国际标准=International standards for phytosanitary measures/周建安,鄢建主编.-北京:中国农业科学技术出版社,2013.04
    584页:图;31cm
    使用对象:适用于我国制定国际贸易植物卫生相关法律法规的法制部门、农业、环保等管理部门,适合于从事植物及植物产品等的种植、生产、储藏、运输和进出口贸易企业,适合于大中专院校、科研部门的植物卫生与检疫专业,学习、研究和应用参考
    
    ISBN 978-7-5116-1242-7(精装):CNY120.00
    本书内容包括了联合国粮农组织、植物保护国际公约秘书处公布的经植物卫生措施委员会正式批准的全部36个标准及标准所有附件。
●
相关链接 在E读中查询图书 在五车中查询图书 在当当中查询图书 在豆瓣中查询图书


正题名:植物卫生措施国际标准     索取号:S411-65/91         预约/预借

序号 登录号 条形码 馆藏地/架位号 状态 备注
1 549321   205493214   第二样本阅览室/ [索取号:S411-65/91] 在馆    
2 549322   205493223   第三借阅区/ [索取号:S411-65/91] 在馆    
唐山师范学院图书馆 欢迎您!
大连网信软件有限公司© 版权所有